Normal view
MARC view
Entry Personal Name
001 - CONTROL NUMBER
- control field: 29560
003 - CONTROL NUMBER IDENTIFIER
- control field: ARRUPE
005 - DATE AND TIME OF LATEST TRANSACTION
- control field: 20170322150336.0
008 - FIXED-LENGTH DATA ELEMENTS
- fixed length control field: 170322|| aca||aabn | a|a d
040 ## - CATALOGING SOURCE
- Original cataloging agency: ARRUPE
- Transcribing agency: ARRUPE
100 ## - HEADING--PERSONAL NAME
- Personal name: Plumb John Harold
670 ## - SOURCE DATA FOUND
- Source citation: Work cat.: (ARRUPE): Plumb John Harold, England in the eighteenth century, 1950